<?xml version="1.0" encoding="UTF-8"?>
<marc:record xmlns:marc="http://www.loc.gov/MARC21/slim">
   <marc:leader>00000nam a2200000 a 4500</marc:leader>
   <marc:datafield ind1="1" ind2=" " tag="100">
      <marc:subfield code="a">Ahrens, Melanie</marc:subfield>
      <marc:subfield code="4">aut</marc:subfield>
      <marc:subfield code="e">Verfasser/-in</marc:subfield>
   </marc:datafield>
   <marc:datafield ind1="0" ind2="0" tag="245">
      <marc:subfield code="a">Glück, ich sehe dich anders</marc:subfield>
   </marc:datafield>
   <marc:datafield ind1="0" ind2="0" tag="245">
      <marc:subfield code="b">mit behinderten Kindern leben</marc:subfield>
   </marc:datafield>
   <marc:datafield ind1="0" ind2="0" tag="245">
      <marc:subfield code="c">Melanie Ahrens</marc:subfield>
   </marc:datafield>
   <marc:datafield ind1=" " ind2="1" tag="264">
      <marc:subfield code="a">Bergisch Gladbach</marc:subfield>
      <marc:subfield code="b">Bastei Lübbe</marc:subfield>
      <marc:subfield code="c">2006</marc:subfield>
   </marc:datafield>
   <marc:datafield ind1="1" ind2=" " tag="490">
      <marc:subfield code="a">Bastei Lübbe</marc:subfield>
   </marc:datafield>
   <marc:datafield ind1=" " ind2=" " tag="250">
      <marc:subfield code="a">Dt. Erstveröff., dt. Orig.-Ausg., vollst. Taschenb</marc:subfield>
   </marc:datafield>
   <marc:datafield ind1="1" ind2=" " tag="520">
      <marc:subfield code="a">Hinsehen und die kleinen Wunder erkennen-Melanies Motto für ihr Leben mit den behinderten Töchtern. Melanie und Rolf lernen sich mit Anfang 20 Kennen. Ihr Traum ist es, zu heiraten und Kinder zu haben. Als kurz nach der Hochzeit Louise geboren wird, scheint ihr Glück vollkommen. Doch die Freude über die Tochter schlägt in Verzweiflung um, als bei Louise ein Down-Syndrom diagnostiziert wird, paßt doch ein behindertes Kind nicht ins Heile-Welt-Schema des jung verheirateten Paares. Doch Louise erobert die Herzen ihrer Eltern. Dann wird Melaie erneut schwanger und hofft auf ein gesundes Geschwisterchen für Louise.</marc:subfield>
   </marc:datafield>
   <marc:datafield ind1=" " ind2=" " tag="020">
      <marc:subfield code="a">9783404615995</marc:subfield>
      <marc:subfield code="9">9783404615995</marc:subfield>
   </marc:datafield>
   <marc:datafield ind1=" " ind2=" " tag="041">
      <marc:subfield code="a">ger</marc:subfield>
   </marc:datafield>
   <marc:datafield ind1=" " ind2=" " tag="300">
      <marc:subfield code="a">283 S.</marc:subfield>
   </marc:datafield>
</marc:record>
